| 000 | 01314cam a22002535a 4500 | ||
|---|---|---|---|
| 001 | L150481 | ||
| 008 | 100719s2010 xxk 000 0 eng d | ||
| 035 | _a(Sirsi) u150481 | ||
| 041 | 0 | _aeng | |
| 100 | 1 | _aGilbert, Dellah | |
| 245 | 0 | 0 | _aConsents through the looking glass - a re-examination of consents in alienation clauses |
| 260 | _c2010 | ||
| 490 | 0 |
_aHogan Lovells Real Estate Quarterly _vSummer 2010, 4-5(2) |
|
| 520 | _aReviews the case law relating to the often contentious issue of landlords granting consent to a prospective tenant when an existing tenant wishes to move on. Clarifies through an examination of the statutory framework and modern case law what procedural obligations are imposed on a landlord upon receipt of an application for consent, in particular, ones where insufficient information is provided by the tenant to allow the landlord to make a decision. | ||
| 590 | _aKA | ||
| 650 | 2 | 4 | _aGO WEST LTD V SPIGAROLO AND ANOTHER |
| 650 | 2 | 4 | _aROYAL BANK OF SCOTLAND V VICTORIA STREET (No 3) |
| 650 | 2 | 4 | _aLANDLORD AND TENANT ACT 1988 |
| 650 | 2 | 4 | _aNCR LTD V RIVERLAND PORTFOLIO NO1 LTD |
| 650 | 2 | 4 | _aBLOCKBUSTER ENTERTAINMENT V BARNSDALE PROPERTIES LTD |
| 651 | 4 |
_aEngland and Wales _y1543- |
|
| 690 | _aPROPERTY-LEASEHOLD PROPERTY-LANDLORD AND TENANT-LEASES | ||
| 942 | _n0 | ||
| 999 |
_c82524 _d82524 |
||